Escudos Kings League 2025 - Estadísticas

Estadísticas generales
  • Esta prueba ha sido intentada 35 veces
  • La puntuación promedio es 39 de 46
Estadísticas de respuestas
Imagen Respuesta % Correcto
Atletico Parceros
100%
El Barrio
100%
Jijantes
100%
Los Troncos
100%
Saiyans
97%
Fluxo
94%
Funkbol
94%
Los Aliens
94%
Loud
94%
Persas
94%
PIO
94%
Stallions
94%
Zebras
94%
Alpak
90%
Furia
90%
Olimpo United
90%
Punchers
90%
Real Titan
90%
1K
87%
Aniquiladores
87%
Boomers
87%
Capim
87%
Desimpedidos
87%
Kunisports
87%
Porcinos
87%
Rayo de Barcelona
87%
Ultimate Mostoles
87%
West Santos
87%
Black Lotus
84%
CAESAR
84%
Circus
84%
Dendele
84%
Galacticos del Caribe
84%
Muchachos
84%
Nyvelados
84%
Raniza
84%
Real Elite
84%
Underdogs
84%
GEAR7
81%
XBuyer Team
81%
Zeta
81%
Chamos
77%
TRM
71%
G3X
61%
Peluche Caligari
45%
Club de Cuervos
42%
No se encontraron pruebas coincidentes
Distribución de puntuación
Porcentaje de gente con cada puntuación
Porcentaje por número respondido
Historial de tus puntuaciones
No has intentado esta prueba.